Utah Counties - Sudden Death - Statistics

General Stats
  • This quiz has been taken 66 times
  • The average score is 16 of 24
Answers on the Grid
Answers color-coded by a green-red scale on the quiz's grid according to % correct below.
Apache
Baca
Beaver
Box Elder
Cache
Camas
Carbon
Clarke
Daggett
Darke
Davison
Duchesne
Emery
Fallon
Fisher
Fremont
Gallia
Garfield
Gem
Grand
Hale
Hancock
Iron
Inyo
Juab
Kane
Kern
Lake
Marion
Millard
McIntosh
Morgan
Navajo
Owyhee
Piute
Rich
Salt Lake
San Juan
Santa Clara
Summit
Tooele
Trinity
Uintah
Utah
Van Zandt
Wasatch
Washington
Webster
 
Answer Stats
Answer % Correct
Beaver
85%
Box Elder
83%
Salt Lake
79%
Cache
75%
Utah
75%
Juab
73%
Tooele
73%
Wasatch
73%
San Juan
71%
Duchesne
69%
Daggett
67%
Emery
67%
Millard
67%
Uintah
65%
Washington
65%
Summit
63%
Carbon
60%
Iron
58%
Garfield
56%
Grand
56%
Kane
56%
Piute
56%
Morgan
54%
Rich
52%
No matching quizzes found
Score Distribution
Percent of People with Each Score
Percentile by Number Answered
Your Score History
You have not taken this quiz